• 首页
  • 本馆介绍
  • 公告通知
  • 最新文献
  • 馆藏检索
  • 电子资源
  • 读者导购
  • 参考咨询
  • 我的图书馆
  • 登录
  • 详细信息显示
  • 放入我的书架
  • 预约/预借图书
  • 作者相关作品
  • 分类相关作品
  • 丛书相关作品
  • 出版社相关作品

书目信息

  • 表格格式
  • 工作单格式
  • 卡片格式
题名:
大地形变测量学
    
 
作者: ;武汉测绘学院大地测量系地震测量教研组 编著
分册: 上册  
出版信息: 北京   地震出版社  1979
页数: 268页
开本: 20cm
丛书名:
单 册:
中图分类: P315.6
科图分类:
主题词: 地壳垂直形变-大地测量 , 大地测量-地壳垂直形变 , 岩石--物理学 , 固体地球物理学
电子资源:
ISBN:
000 00851nam0 2200277 45
001 0179000305
005 20040521155836.5
010    @dCNY1.10
091    @a13180.56
100    @a19950726d1979 em y0chiy0121 ea
101 0  @achi
102    @aCN@b110000
105    @ay z 000yy
106    @ar
200 10 @a大地形变测量学@Ada di xing bian ce liang xue@h上册@f武汉测绘学院大地测量系地震测量教研组编著
210    @a北京@c地震出版社@d1979
215    @a268页@d20cm
300    @a高等学校教学用书
606    @a地壳垂直形变-大地测量
606    @a大地测量-地壳垂直形变
606 0  @a岩石@x物理学
606 0  @a固体地球物理学
690    @aP315.6
711 02 @a武汉测绘学院大地测量系地震测量教研组@Awu han ce hui xue yuan da di ce liang xi di zhen ce liang jiao yan zu@4编著
801  0 @aCN@bNLC@c20040521
905    @f2@b120407-408@dP315.6@e18:1
    
    大地形变测量学.上册/武汉测绘学院大地测量系地震测量教研组编著.-北京:地震出版社,1979
    268页;20cm
    高等学校教学用书
    
    ISBN :CNY1.10
    
●
相关链接 在E读中查询图书 在五车中查询图书 在当当中查询图书 在豆瓣中查询图书


正题名:大地形变测量学     索取号:P315.6/18:1         预约/预借

序号 登录号 条形码 馆藏地/架位号 状态 备注
1 0120407   000626273   第三借阅区/ [索取号:P315.6/18:1] 在馆    
2 0120408   000626255   第三借阅区/ [索取号:P315.6/18:1] 在馆    
3 0120409   202105042   第二样本阅览室/ [索取号:P315.6/18:1] 在馆    
唐山师范学院图书馆 欢迎您!
大连网信软件有限公司© 版权所有